Maryland Cities - Test Your Knowledge! - Statistics

General Stats
  • This quiz has been taken 22 times
  • The average score is 12 of 24
Answer Stats
Hint Answer % Correct
State Capital Annapolis
100%
Largest City Baltimore
100%
Popular beach city Ocean City
89%
South of Catoctin Mountain Frederick
72%
Has RIO Gaithersburg
67%
The Largest City on theMaryland Panhandle Hagerstown
67%
Piedmont Airlines HQ Salisbury
67%
UPMC Western Maryland Cumberland
61%
Has Westfield Montgomery Bethesda
56%
Capital of the Largest County (by pop.) Rockville
56%
Has the oldest Airport College Park
50%
Home to Marylands oldest historically black university Bowie
44%
Acorn Park Silver Spring
44%
Harford County Seat Bel Air
39%
Was a center of protests during the Civil Rights Movement from 1962-1967 Cambridge
39%
Named for John Clarke Clarksburg
39%
Several German immigrants set up shops here Germantown
39%
3rd Largest City Columbia
33%
Talbot County Seat Easton
33%
Battle of Antietam happened near here Sharpsburg
33%
Suburb of the 1st Answer Glen Burnie
28%
Tiny town just east of the Bay Bridge Stevensville
22%
Northwest of the above Ocean Pines
17%
Where the Capital Wheel is National Harbor
11%
No matching quizzes found
Score Distribution
Percent of People with Each Score
Percentile by Number Answered
Your Score History
You have not taken this quiz